Score 0/20 Timer 04:00
0 Plays Today
Scrambled Word Unscrambled Word % Correct
LIBLBILL
99.6%
LKIMMILK
96.2%
REBEBEER
95.1%
YABBBABY
94.7%
KNECNECK
94.2%
NEIWWINE
92.1%
SPCACAPS
91.8%
KHOSCSHOCK
85.7%
HURBSBRUSH
79.6%
ZUQEESESQUEEZE
77.9%
Scrambled Word Unscrambled Word % Correct
DOBLNBLOND
76.8%
TERKOCROCKET
67.3%
MAUCVUVACUUM
62.5%
HESRAWWASHER
58%
DENOSNOSED
50.3%
PERENOOPENER
45.5%
Word in common with all above:BOTTLE
41.8%
PLEASMSAMPLE
40.5%
INKLEKLEIN
32.5%
FIDGENEFEEDING
22.8%
Remove Ads.
Support Sporcle.
Get the best of Sporcle when you Go Orange. This ad-free experience offers more features, more stats, and more fun while also helping to support Sporcle. Thank you for becoming a member.

You're not logged in!

Compare scores with friends on all Sporcle quizzes.
OR
Log In

Show Comments

Extras

Top Quizzes Today


Score Distribution

Your Account Isn't Verified!

In order to create a playlist on Sporcle, you need to verify the email address you used during registration. Go to your Sporcle Settings to finish the process.

Report this User

Report this user for behavior that violates our Community Guidelines.

Details: